[Event "Rajkot RCPA op 2nd"]
[Site "Rajkot"]
[Date "2019.08.13"]
[Round "1"]
[White "Hetav, Bhaveshkumar Patel"]
[Black "Jay, Kundalia"]
[Result "0-1"]
[WhiteElo "1182"]
[BlackElo "2102"]
[PlyCount "96"]
[EventDate "2019.08.13"]
[EventType "swiss"]
[EventRounds "10"]
[EventCountry "IND"]
[SourceTitle "EXT 2021"]
[Source "ChessBase"]
[SourceDate "2020.10.23"]
[SourceVersion "1"]
[SourceVersionDate "2020.10.23"]
[SourceQuality "1"]

1. e4 c5 2. Nf3 d6 3. Bc4 e6 4. Nc3 Nf6 5. Qe2 Nc6 6. d3 a6 7. a4 Be7 8. Bg5 h6 9. Bh4 0-0 10. 0-0 Re8 11. Rfe1 Qb6 12. Qd2 Bd7 13. e5 dxe5 14. Nxe5 Nxe5 15. Rxe5 Ng4 16. Re4 f5 17. Rxg4 fxg4 18. Bg3 Bg5 19. Qe1 Qxb2 20. Rb1 Qxc2 21. Rxb7 Bc6 22. Rc7 Bd2 23. Qe2 Qxc3 24. Rxc6 Qc1+ 25. Qf1 Kf7 26. Rxc5 Rac8 27. Rf5+ Kg6 28. Re5 Kf6 29. Re4 e5 30. Rxg4 a5 31. Re4 g5 32. h3 Qxf1+ 33. Kxf1 Bf4 34. Bxf4 exf4 35. f3 Rxe4 36. fxe4 Ke5 37. Ke2 Rxc4 38. dxc4 Kxe4 39. c5 Kd5 40. Kf3 Kxc5 41. Kg4 Kb4 42. Kh5 Kxa4 43. Kxh6 Kb5 44. Kxg5 a4 45. Kxf4 a3 46. g4 a2 47. h4 a1Q 48. h5 Qf6+ 0-1